[Event "XXVII Festival Isola d'Elba A"]
[Site "Capoliveri ITA"]
[Date "2009.05.??"]
[Round "7"]
[White "Facchetti, Gianni"]
[Black "Paleologu, Vladimir"]
[Result "0-1"]
[WhiteElo "2174"]
[BlackElo "2191"]
[PlyCount "152"]
[EventDate "2009.05.10"]

1. e4 g6 2. d4 Bg7 3. Nc3 d5 4. exd5 Nf6 5. h3 Nxd5 6. Nf3 Nxc3 7. bxc3 O-O 8.
Bc4 Nc6 9. O-O e5 10. Ba3 Re8 11. Bb5 Bd7 12. d5 Nd4 13. Bc4 Nxf3+ 14. Qxf3 e4
15. Qe3 Qf6 16. Rab1 b6 17. Bb2 Qh4 18. Bc1 Qf6 19. Bd2 Bf8 20. Qf4 Bf5 21. Qg5
Qe5 22. Qf4 Qg7 23. Bb3 Bd6 24. Qh4 Qe5 25. g3 Be7 26. Qh6 Bf8 27. Qh4 Be7 28.
Qh6 Rad8 29. Bf4 Qxc3 30. Rbd1 Bd6 31. Be3 Qg7 32. g4 Qxh6 33. Bxh6 Bd7 34. Bg5
Rc8 35. Rfe1 Kg7 36. Be3 f5 37. Bd4+ Kf7 38. g5 Rcd8 39. h4 a5 40. c4 Bb4 41.
Re2 f4 42. Rb2 Bg4 43. Rf1 Bd6 44. Ba4 Bd7 45. Bxd7 Rxd7 46. Kg2 Be5 47. Bxe5
Rxe5 48. Re1 h6 49. gxh6 Kf6 50. Kh3 Kf5 51. Rg1 Rh7 52. Rg5+ Kf6 53. d6 Rxg5
54. hxg5+ Kxg5 55. Rb5+ Kxh6 56. Kg4 e3 57. fxe3 fxe3 58. Kf3 cxd6 59. Kxe3 Rc7
60. Rxb6 Rxc4 61. Rxd6 Rc2 62. a4 Rc4 63. Kf3 Rxa4 64. Kg3 Kh5 65. Rd8 Ra3+ 66.
Kf4 g5+ 67. Kf5 Rf3+ 68. Ke4 Rf4+ 69. Ke3 a4 70. Rd1 a3 71. Ra1 Rh4 72. Kf3
Rh3+ 73. Kg2 Re3 74. Kh2 Kg4 75. Rg1+ Kh4 76. Ra1 Re2+ 0-1

[Event "XXVII Festival Isola d'Elba A"]
[Site "Capoliveri ITA"]
[Date "2009.05.??"]
[Round "7"]
[White "Guerrini, Donato"]
[Black "Petrolo, Mauro"]
[Result "1-0"]
[WhiteElo "2032"]
[BlackElo "1946"]
[PlyCount "99"]
[EventDate "2009.05.10"]

1. Nf3 Nc6 2. d4 d6 3. d5 Nb8 4. c4 g6 5. Nc3 Bg7 6. Qc2 Nf6 7. Rb1 a5 8. a3
O-O 9. e4 c6 10. Be3 Qc7 11. h3 Bd7 12. Bd3 Na6 13. b4 axb4 14. axb4 c5 15. Nb5
Qc8 16. e5 Nxb4 17. Rxb4 cxb4 18. exf6 Ra1+ 19. Ke2 Rxh1 20. fxg7 Re8 21. Nfd4
Qd8 22. Ne6 Qa5 23. Nbd4 b3 24. Nxb3 Qe1+ 25. Kf3 Ra8 26. Ned4 Qb4 27. Bd2 Qb6
28. Bc3 Ra3 29. Qb2 Ra8 30. Ne2 Ba4 31. Bc2 e5 32. dxe6 Bc6+ 33. Kg3 fxe6 34.
Nf4 e5 35. Bxe5 dxe5 36. Qxe5 Re8 37. Qd6 Qd8 38. Qc5 Qf6 39. Nd5 Qe5+ 40. f4
Qe1+ 41. Kg4 h5+ 42. Kg5 Qg3+ 43. Kh6 Rhe1 44. Nf6+ Kf7 45. g8=Q+ Rxg8 46. Nxg8
Re8 47. Qd6 Rxg8 48. Qc7+ Kf6 49. Qe5+ Kf7 50. Nc5 1-0

[Event "XXVII Festival Isola d'Elba A"]
[Site "Capoliveri ITA"]
[Date "2009.05.??"]
[Round "7"]
[White "Mazzetta, Renato"]
[Black "Bardelli, Alberto"]
[Result "1/2-1/2"]
[WhiteElo "1907"]
[BlackElo "1802"]
[PlyCount "64"]
[EventDate "2009.05.10"]

1. e4 c5 2. Nc3 a6 3. g3 d6 4. Bg2 Nf6 5. h3 Nc6 6. d3 g6 7. Nge2 Bg7 8. f4 h5
9. O-O Bd7 10. f5 gxf5 11. exf5 Qc8 12. Na4 Qc7 13. Nac3 O-O-O 14. Nf4 Rdg8 15.
Ncd5 Qd8 16. c3 Bxf5 17. Qa4 Nxd5 18. Nxd5 e6 19. Rxf5 exf5 20. Qf4 Ne7 21.
Nxe7+ Qxe7 22. Qxf5+ Kb8 23. Bf4 Be5 24. Re1 Bd4+ 25. Kf1 Be5 26. d4 f6 27.
dxe5 fxe5 28. Kg1 Qg7 29. Bd2 Qxg3 30. Qe4 Rg7 31. Re3 Qg5 32. Re2 Qg3 1/2-1/2

[Event "XXVII Festival Isola d'Elba A"]
[Site "Capoliveri ITA"]
[Date "2009.05.??"]
[Round "7"]
[White "Molina, Fabrizio"]
[Black "Paolinelli, Giacomo"]
[Result "1-0"]
[WhiteElo "2240"]
[BlackElo "2171"]
[PlyCount "65"]
[EventDate "2009.05.10"]

1. Nf3 d5 2. c4 c6 3. e3 Nf6 4. Qc2 e6 5. b3 Nbd7 6. Bb2 Bd6 7. Be2 O-O 8. Nc3
e5 9. cxd5 Nxd5 10. Ne4 Bc7 11. Neg5 N5f6 12. Bc4 h6 13. h4 Qe7 14. a4 c5 15.
Nxf7 Rxf7 16. Ng5 hxg5 17. hxg5 Nf8 18. gxf6 Qxf6 19. Bxf7+ Qxf7 20. Qxc5 b6
21. Qc6 Rb8 22. Rc1 Ne6 23. Qe4 Qf6 24. Rxc7 Nxc7 25. Bxe5 Qf5 26. Qc4+ Ne6 27.
Bxb8 Ba6 28. e4 Qg4 29. Qxa6 Qxe4+ 30. Qe2 Qb1+ 31. Qd1 Qe4+ 32. Kf1 Nd4 33.
Rh3 1-0

[Event "XXVII Festival Isola d'Elba A"]
[Site "Capoliveri ITA"]
[Date "2009.05.15"]
[Round "7"]
[White "Ortega, Lexy"]
[Black "Pepino, Enrico"]
[Result "1-0"]
[WhiteElo "2442"]
[BlackElo "2148"]
[PlyCount "117"]
[EventDate "2009.05.10"]

1. d4 Nf6 2. Nf3 g6 3. c4 Bg7 4. g3 O-O 5. Bg2 c5 6. O-O d6 7. dxc5 dxc5 8. Ne5
Nfd7 9. Nxd7 Qxd7 10. Nc3 Nc6 11. Qd5 Qxd5 12. cxd5 Na5 13. Bg5 Bxc3 14. bxc3
Re8 15. c4 Bd7 16. Rac1 Rac8 17. e4 b6 18. e5 a6 19. Bd2 Nb7 20. Bg5 Na5 21.
Rfe1 b5 22. cxb5 Bxb5 23. a4 Bd7 24. e6 fxe6 25. dxe6 Bc6 26. Rxc5 Bxg2 27.
Rxc8 Rxc8 28. Kxg2 Kf8 29. Rb1 h5 30. Rb6 Rc6 31. Rb8+ Kg7 32. Bxe7 Rxe6 33.
Bb4 Nc4 34. Bc3+ Kf7 35. Rb7+ Ke8 36. Ra7 Rc6 37. h4 Nd6 38. Be5 Nf5 39. Kf3
Kf8 40. Kf4 Ke8 41. Kg5 Ne7 42. Bf6 Nd5 43. Bh8 Ne7 44. Bd4 Kf7 45. a5 Ke6 46.
Bb6 Rc4 47. Rxa6 Rg4+ 48. Kh6 Kf7 49. Ra7 Ke6 50. Bc5 Nf5+ 51. Kh7 g5 52. hxg5
Rxg5 53. Rc7 Rg4 54. a6 h4 55. a7 Ra4 56. gxh4 Rxh4+ 57. Kg6 Rg4+ 58. Kh5 Ra4
59. Rc8 1-0

[Event "XXVII Festival Isola d'Elba A"]
[Site "Capoliveri ITA"]
[Date "2009.05.??"]
[Round "7"]
[White "Ricci, Alfredo"]
[Black "Picone, Franco"]
[Result "1-0"]
[WhiteElo "2024"]
[BlackElo "1886"]
[PlyCount "113"]
[EventDate "2009.05.10"]

1. e4 d5 2. exd5 Qxd5 3. Nc3 Qd6 4. g3 Nf6 5. Bg2 c6 6. Nf3 Bg4 7. O-O e6 8. a3
Nbd7 9. d4 Qc7 10. Qe1 Bxf3 11. Bxf3 Be7 12. Rb1 O-O 13. Bf4 Bd6 14. Bxd6 Qxd6
15. Qe3 Rac8 16. Ne4 Nxe4 17. Qxe4 Nf6 18. Qe5 Rfd8 19. Rfd1 Qxe5 20. dxe5 Nd7
21. Re1 Nb6 22. Be2 Kf8 23. f4 c5 24. Red1 Ke7 25. Kf2 Rxd1 26. Rxd1 Rd8 27.
Rxd8 Kxd8 28. Bf3 Kc7 29. b3 Nd7 30. Be4 b6 31. Bxh7 f6 32. exf6 Nxf6 33. Bd3
Kd6 34. h3 e5 35. Kf3 Kd5 36. fxe5 Kxe5 37. g4 g5 38. Kg3 Ne8 39. h4 gxh4+ 40.
Kxh4 Kf6 41. g5+ Kg7 42. Kg4 Nd6 43. Kf4 b5 44. Ke5 Nf7+ 45. Kd5 c4 46. bxc4
bxc4 47. Bxc4 Nxg5 48. Kd6 Kf6 49. Bd5 Nh3 50. a4 Nf4 51. Bc4 a5 52. Kc5 Ke5
53. Bb3 Ne2 54. Bc4 Nc3 55. Kb6 Kd4 56. Bb5 Nxb5 57. Kxb5 1-0

[Event "XXVII Festival Isola d'Elba A"]
[Site "Capoliveri ITA"]
[Date "2009.05.??"]
[Round "7"]
[White "Schaberg, Wolfgang"]
[Black "Giacometto, Mario"]
[Result "0-1"]
[WhiteElo "1982"]
[BlackElo "1974"]
[PlyCount "58"]
[EventDate "2009.05.10"]

1. e4 e6 2. d4 d5 3. e5 c5 4. c3 Nc6 5. Nf3 Bd7 6. a3 f6 7. Bd3 Qc7 8. O-O fxe5
9. Nxe5 Nxe5 10. dxe5 Qxe5 11. Re1 Qf6 12. Qh5+ g6 13. Qxd5 O-O-O 14. Qg5 Qf7
15. Nd2 Be7 16. Qe3 Rf8 17. Nf3 Bd6 18. Bc4 Kb8 19. Ne5 Qe7 20. Nxd7+ Qxd7 21.
Qxe6 Qc6 22. Be3 Nf6 23. Rad1 Rd8 24. g3 Rhf8 25. Rxd6 Rxd6 26. Bf4 Ne8 27. Bb5
Qb6 28. Bxd6+ Nxd6 29. Rd1 Nxb5 0-1

[Event "XXVII Festival Isola d'Elba A"]
[Site "Capoliveri ITA"]
[Date "2009.05.??"]
[Round "8"]
[White "Acunzo, Domenico"]
[Black "Schaberg, Wolfgang"]
[Result "1/2-1/2"]
[WhiteElo "1830"]
[BlackElo "1982"]
[PlyCount "68"]
[EventDate "2009.05.10"]

1. e4 c5 2. Nf3 Nc6 3. d4 cxd4 4. Nxd4 Nf6 5. Nc3 d6 6. Bg5 e6 7. Be2 Be7 8.
O-O O-O 9. Kh1 a6 10. a4 Bd7 11. Be3 Nxd4 12. Bxd4 Bc6 13. f3 e5 14. Be3 d5 15.
exd5 Nxd5 16. Nxd5 Bxd5 17. c4 Bc6 18. Qc2 a5 19. Bd3 g6 20. Rad1 Qc7 21. b3 f5
22. Bc1 Rad8 23. Qe2 Bc5 24. Bc2 Rfe8 25. Bg5 Be7 26. Rxd8 Rxd8 27. Bxe7 Qxe7
28. Re1 Re8 29. Qf2 Qb4 30. h3 Kg7 31. Qg3 Kf6 32. Qh4+ Kg7 33. Qf2 Qc3 34. Re3
Qd4 1/2-1/2

[Event "XXVII Festival Isola d'Elba A"]
[Site "Capoliveri ITA"]
[Date "2009.05.??"]
[Round "8"]
[White "Cacinschi, Alexandru"]
[Black "Facchetti, Gianni"]
[Result "1-0"]
[WhiteElo "1949"]
[BlackElo "2174"]
[PlyCount "99"]
[EventDate "2009.05.10"]

1. Nf3 Nf6 2. d4 d6 3. Nc3 Bf5 4. Bg5 Nbd7 5. Nh4 Bg6 6. Nxg6 hxg6 7. e4 c6 8.
f3 Qa5 9. Qd2 e5 10. h4 Be7 11. O-O-O Qc7 12. Kb1 a6 13. Be2 b5 14. g4 Nb6 15.
Rdg1 b4 16. Nd1 a5 17. Ne3 Rd8 18. h5 Nxe4 19. fxe4 Bxg5 20. hxg6 Rxh1 21. Rxh1
fxg6 22. Qd3 exd4 23. Qxd4 Bf6 24. Qd3 Qe7 25. Nc4 Nxc4 26. Qxc4 Kd7 27. g5
Bxg5 28. Bg4+ Kc7 29. Qa6 Rb8 30. Qa7+ Rb7 31. Qxa5+ Rb6 32. Rh8 Qd8 33. Rxd8
Bxd8 34. Qa7+ Rb7 35. Qf2 Bf6 36. Qh2 Be5 37. Qh7 Rb8 38. Qxg6 Rf8 39. a3 bxa3
40. bxa3 Rb8+ 41. Kc1 Bb2+ 42. Kd1 Rf8 43. Bf5 Be5 44. a4 Kb6 45. Qg1+ Kb7 46.
Qe3 Rh8 47. Qb3+ Kc7 48. a5 Rh1+ 49. Ke2 d5 50. exd5 1-0

[Event "XXVII Festival Isola d'Elba A"]
[Site "Capoliveri ITA"]
[Date "2009.05.??"]
[Round "8"]
[White "Codenotti, Marco"]
[Black "Colombo, Paolo"]
[Result "1-0"]
[WhiteElo "2035"]
[BlackElo "2138"]
[PlyCount "53"]
[EventDate "2009.05.10"]

1. e4 d6 2. d4 Nf6 3. Nc3 c6 4. f4 Qa5 5. e5 Ne4 6. Bd2 Nxc3 7. Bxc3 Qc7 8. Nf3
d5 9. Bd3 g6 10. h3 Bh6 11. Qd2 b6 12. g4 Ba6 13. g5 Bxd3 14. Qxd3 Bf8 15. f5
e6 16. fxe6 fxe6 17. O-O-O Nd7 18. h4 Be7 19. Ng1 O-O-O 20. Ne2 c5 21. Qh3 Rde8
22. Nf4 Bd8 23. Nxe6 Qc6 24. Nxd8 Kxd8 25. dxc5 Nxc5 26. Qf3 Ne4 27. Qxe4 1-0

[Event "XXVII Festival Isola d'Elba A"]
[Site "Capoliveri ITA"]
[Date "2009.05.??"]
[Round "8"]
[White "Giacometto, Mario"]
[Black "Mazzetta, Renato"]
[Result "1/2-1/2"]
[WhiteElo "1974"]
[BlackElo "1907"]
[PlyCount "34"]
[EventDate "2009.05.10"]

1. d4 d5 2. c4 c6 3. Nc3 Nf6 4. Bg5 Nbd7 5. e3 e6 6. Nf3 Be7 7. cxd5 exd5 8.
Be2 O-O 9. O-O Re8 10. Qc2 Nf8 11. a3 Bg4 12. b4 a6 13. Rab1 Ng6 14. h3 Bxf3
15. Bxf3 h6 16. Bxf6 Bxf6 17. a4 Rc8 1/2-1/2

[Event "XXVII Festival Isola d'Elba A"]
[Site "Capoliveri ITA"]
[Date "2009.05.??"]
[Round "8"]
[White "Ljubisavljevic, Zivojin Z."]
[Black "Evangelisti, Claudio R."]
[Result "1/2-1/2"]
[WhiteElo "2278"]
[BlackElo "2260"]
[PlyCount "54"]
[EventDate "2009.05.10"]

1. d4 Nf6 2. Nf3 e6 3. Bg5 h6 4. Bxf6 Qxf6 5. e4 d6 6. Nc3 Nd7 7. Be2 a6 8. O-O
g6 9. Re1 Qd8 10. e5 Be7 11. exd6 cxd6 12. Bd3 Kf8 13. Qd2 Kg7 14. Ne2 Nf6 15.
h4 b6 16. Ng3 Bb7 17. Qf4 Qc7 18. c4 Bxf3 19. Qxf3 d5 20. cxd5 Nxd5 21. h5 g5
22. Nf5+ exf5 23. Qxd5 Rad8 24. Qxf5 Rxd4 25. Re4 Rxd3 26. Rxe7 Qxe7 27. Qxd3
Qe5 1/2-1/2

[Event "XXVII Festival Isola d'Elba A"]
[Site "Capoliveri ITA"]
[Date "2009.05.16"]
[Round "8"]
[White "Molina, Fabrizio"]
[Black "Ortega, Lexy"]
[Result "1/2-1/2"]
[WhiteElo "2240"]
[BlackElo "2442"]
[PlyCount "74"]
[EventDate "2009.05.10"]

1. Nf3 d5 2. c4 c6 3. e3 Nf6 4. Qc2 e6 5. Nc3 Nbd7 6. d4 Bd6 7. e4 dxe4 8. Nxe4
Nxe4 9. Qxe4 c5 10. Bg5 Be7 11. Bxe7 Qa5+ 12. Nd2 Kxe7 13. O-O-O cxd4 14. Qxd4
e5 15. Nb3 Qb6 16. Qd5 a5 17. c5 Qh6+ 18. Kb1 a4 19. Bc4 Qg6+ 20. Bd3 Qc6 21.
Qd6+ Qxd6 22. cxd6+ Kxd6 23. Nd2 Nc5 24. Nc4+ Kc7 25. Nxe5 Re8 26. Rhe1 Nxd3
27. Nxd3 Bf5 28. Rxe8 Rxe8 29. Kc2 Kb6 30. Rd2 Rd8 31. Kc3 Be4 32. f3 Bf5 33.
Ne5 Rxd2 34. Nc4+ Kc5 35. Nxd2 g5 36. Nf1 h5 37. g3 Bg6 1/2-1/2

[Event "XXVII Festival Isola d'Elba A"]
[Site "Capoliveri ITA"]
[Date "2009.05.??"]
[Round "8"]
[White "Paleologu, Vladimir"]
[Black "Pulito, Alberto"]
[Result "1/2-1/2"]
[WhiteElo "2191"]
[BlackElo "2256"]
[PlyCount "42"]
[EventDate "2009.05.10"]

1. e4 e6 2. d4 d5 3. e5 c5 4. c3 Nc6 5. g3 Qb6 6. Ne2 f6 7. f4 Bd7 8. Bh3 O-O-O
9. a3 h5 10. b4 cxd4 11. cxd4 g5 12. Nbc3 gxf4 13. Nxd5 Qb5 14. Ndc3 Qc4 15. b5
f3 16. bxc6 Bxc6 17. Bd2 fxe2 18. Nxe2 Bh6 19. Rc1 Qd5 20. Rg1 fxe5 21. Rc5
Bxd2+ 1/2-1/2

[Event "XXVII Festival Isola d'Elba A"]
[Site "Capoliveri ITA"]
[Date "2009.05.??"]
[Round "8"]
[White "Paolinelli, Giacomo"]
[Black "Ricci, Alfredo"]
[Result "1-0"]
[WhiteElo "2171"]
[BlackElo "2024"]
[PlyCount "55"]
[EventDate "2009.05.10"]

1. e4 c5 2. Nc3 e6 3. f4 a6 4. Nf3 Qc7 5. g3 g6 6. d4 Bg7 7. Be3 d6 8. Bg2 Nf6
9. h3 cxd4 10. Nxd4 O-O 11. O-O Bd7 12. Qd2 Nc6 13. Nb3 b5 14. Rad1 Ne8 15. e5
d5 16. Nc5 Ne7 17. Bf2 Bc6 18. Ne2 Qc8 19. Nd4 a5 20. g4 Nc7 21. Bh4 f6 22. f5
g5 23. exf6 Bxf6 24. Bxg5 e5 25. Bxf6 Rxf6 26. Qg5+ Kf7 27. Nf3 Ne8 28. Nxe5+
1-0

[Event "XXVII Festival Isola d'Elba A"]
[Site "Capoliveri ITA"]
[Date "2009.05.??"]
[Round "8"]
[White "Pepino, Enrico"]
[Black "Cordara, Michele"]
[Result "1/2-1/2"]
[WhiteElo "2148"]
[BlackElo "2093"]
[PlyCount "62"]
[EventDate "2009.05.10"]

1. e4 e6 2. d4 d5 3. Nd2 dxe4 4. Nxe4 Be7 5. Nf3 Nf6 6. Nxf6+ Bxf6 7. Bd3 O-O
8. h4 Qd5 9. c4 Qh5 10. Bf4 Nc6 11. Qe2 e5 12. dxe5 Re8 13. O-O-O Bg4 14. Rhe1
Nxe5 15. Bxe5 Rxe5 16. Qc2 Bxf3 17. gxf3 Rxe1 18. Rxe1 Qxh4 19. Qe2 g6 20. Qe4
Qxf2 21. Re2 Qg1+ 22. Kc2 c6 23. f4 Qa1 24. Kb3 Qd1+ 25. Bc2 Qd8 26. c5 Qa5 27.
Qb4 Qxb4+ 28. Kxb4 Bxb2 29. Re7 Rb8 30. Bb3 Rf8 31. Rxb7 h5 1/2-1/2

[Event "XXVII Festival Isola d'Elba A"]
[Site "Capoliveri ITA"]
[Date "2009.05.??"]
[Round "8"]
[White "Petrolo, Mauro"]
[Black "Bardelli, Alberto"]
[Result "1-0"]
[WhiteElo "1946"]
[BlackElo "1802"]
[PlyCount "37"]
[EventDate "2009.05.10"]

1. e4 c5 2. c3 d5 3. exd5 Qxd5 4. d4 Nc6 5. Nf3 e6 6. Na3 cxd4 7. Nb5 Bd6 8.
Nxd6+ Qxd6 9. Bb5 Bd7 10. O-O Nge7 11. Re1 a6 12. Ba4 b5 13. Bc2 O-O 14. Ng5 g6
15. Ne4 Qe5 16. Bg5 Qc7 17. Nf6+ Kg7 18. Qf3 h6 19. Nh5+ 1-0

[Event "XXVII Festival Isola d'Elba A"]
[Site "Capoliveri ITA"]
[Date "2009.05.??"]
[Round "8"]
[White "Picone, Franco"]
[Black "Novelli, Cristiano"]
[Result "1/2-1/2"]
[WhiteElo "1886"]
[BlackElo "2099"]
[PlyCount "25"]
[EventDate "2009.05.10"]

1. d4 d5 2. Nf3 Nf6 3. Bf4 a6 4. e3 e6 5. c3 Bd7 6. Bd3 Bb5 7. Ne5 c5 8. O-O
Nc6 9. a4 Bxd3 10. Qxd3 c4 11. Qc2 Nh5 12. Nxc6 bxc6 13. Bg3 1/2-1/2

[Event "XXVII Festival Isola d'Elba A"]
[Site "Capoliveri ITA"]
[Date "2009.05.??"]
[Round "8"]
[White "Schiappoli, Dario"]
[Black "Bossoni, Mario"]
[Result "1-0"]
[WhiteElo "1959"]
[BlackElo "1973"]
[PlyCount "35"]
[EventDate "2009.05.10"]

1. e4 c5 2. Nf3 e6 3. d4 cxd4 4. Nxd4 Nf6 5. Bd3 Nc6 6. Be3 d6 7. Nc3 Be7 8.
O-O O-O 9. h3 a6 10. f4 Qc7 11. Qf3 Nxd4 12. Bxd4 e5 13. Be3 exf4 14. Qxf4 Be6
15. Rae1 Rac8 16. Nd5 Qd8 17. Nxe7+ Qxe7 18. Qh4 1-0

[Event "XXVII Festival Isola d'Elba A"]
[Site "Capoliveri ITA"]
[Date "2009.05.??"]
[Round "8"]
[White "Scipioni, Gaetano"]
[Black "Guerrini, Donato"]
[Result "1/2-1/2"]
[WhiteElo "2060"]
[BlackElo "2032"]
[PlyCount "108"]
[EventDate "2009.05.10"]

1. d4 Nf6 2. Nf3 g6 3. Bf4 Bg7 4. e3 d6 5. c4 c5 6. Nc3 Nbd7 7. d5 a6 8. a4 Qa5
9. Qb3 b5 10. cxb5 O-O 11. Bc4 Ne4 12. Rc1 Nb6 13. O-O Nxc3 14. bxc3 Qxa4 15.
Qxa4 Nxa4 16. e4 axb5 17. Bxb5 Nxc3 18. Bd3 Ba6 19. Bxa6 Rxa6 20. Rfe1 Ra4 21.
Bg5 f6 22. Rxc3 fxg5 23. Rc2 Rf4 24. Nxg5 Rg4 25. h4 h6 26. f3 Bd4+ 27. Kf1
Rxh4 28. Ne6 Be5 29. Ke2 Rh2 30. Kd3 c4+ 31. Rxc4 Rxc4 32. Kxc4 Rxg2 33. f4 Bg7
34. e5 Rd2 35. Nxg7 Kxg7 36. exd6 exd6 37. Re6 Rf2 38. Rxd6 Rxf4+ 39. Kd3 Rf6
40. Rd7+ Rf7 41. Rd6 g5 42. Ke4 Rf6 43. Rd8 Rf4+ 44. Ke5 Rf1 45. Ra8 g4 46. Ra4
h5 47. Rd4 g3 48. Rd3 h4 49. Rd4 Rh1 50. d6 Re1+ 51. Kf5 Rf1+ 52. Ke5 Re1+ 53.
Kf5 Rf1+ 54. Ke5 Re1+ 1/2-1/2

[Event "XXVII Festival Isola d'Elba A"]
[Site "Capoliveri ITA"]
[Date "2009.05.??"]
[Round "9"]
[White "Bardelli, Alberto"]
[Black "Giacometto, Mario"]
[Result "1/2-1/2"]
[WhiteElo "1802"]
[BlackElo "1974"]
[PlyCount "106"]
[EventDate "2009.05.10"]

1. e4 Nf6 2. e5 Nd5 3. d4 d6 4. c4 Nb6 5. f4 Bf5 6. Nc3 e6 7. Be3 Na6 8. Nf3 c5
9. d5 Nb4 10. Rc1 exd5 11. cxd5 dxe5 12. Nxe5 a6 13. a3 N4xd5 14. Nxd5 Qxd5 15.
Qxd5 Nxd5 16. Bxc5 Bxc5 17. Rxc5 Be4 18. Bc4 Rd8 19. O-O O-O 20. Re1 Nf6 21.
Rc7 Rd2 22. Re2 Rxe2 23. Bxe2 Nd5 24. Rc4 f5 25. g3 h6 26. Kf2 Re8 27. Nd7 g5
28. fxg5 hxg5 29. Nc5 Nf6 30. Nxe4 Nxe4+ 31. Ke1 Re7 32. Rd4 Kg7 33. Kf1 Kf6
34. Bf3 Ke5 35. Ra4 Rd7 36. Bxe4 fxe4 37. Ke2 Rd3 38. Ra5+ b5 39. Rxa6 Rb3 40.
h4 gxh4 41. gxh4 Rxb2+ 42. Ke3 Rb3+ 43. Ke2 b4 44. axb4 Rxb4 45. Ke3 Rb3+ 46.
Ke2 Rh3 47. h5 Kf4 48. Rf6+ Kg5 49. Re6 Kf5 50. Ra6 Kg5 51. Re6 Kf4 52. Rf6+
Ke5 53. Ra6 Rh2+ 1/2-1/2

[Event "XXVII Festival Isola d'Elba A"]
[Site "Capoliveri ITA"]
[Date "2009.05.??"]
[Round "9"]
[White "Bossoni, Mario"]
[Black "Petrolo, Mauro"]
[Result "0-1"]
[WhiteElo "1973"]
[BlackElo "1946"]
[PlyCount "42"]
[EventDate "2009.05.10"]

1. e4 d6 2. d4 Nf6 3. Nc3 e5 4. Nf3 Nbd7 5. Be2 Be7 6. Bg5 h6 7. Bxf6 Bxf6 8.
Nd5 O-O 9. dxe5 dxe5 10. c3 c6 11. Nxf6+ Qxf6 12. O-O Nc5 13. Qc2 Bg4 14. h3
Bh5 15. b4 Ne6 16. Nh2 Bg6 17. Bc4 Ng5 18. f3 Qf4 19. Qf2 Rad8 20. Rad1 Bh5 21.
h4 Nxe4 0-1

[Event "XXVII Festival Isola d'Elba A"]
[Site "Capoliveri ITA"]
[Date "2009.05.??"]
[Round "9"]
[White "Colombo, Paolo"]
[Black "Scipioni, Gaetano"]
[Result "1-0"]
[WhiteElo "2138"]
[BlackElo "2060"]
[PlyCount "119"]
[EventDate "2009.05.10"]

1. d4 d5 2. Nf3 c6 3. e3 Bg4 4. Nbd2 Nf6 5. h3 Bh5 6. g4 Bg6 7. Ne5 Nbd7 8. h4
e6 9. h5 Bxc2 10. Qxc2 Nxe5 11. dxe5 Nxg4 12. Qc3 Qb6 13. Qd4 f5 14. exf6 Nxf6
15. Qxb6 axb6 16. Bd3 Bd6 17. Nf3 e5 18. Ng5 e4 19. Be2 Ke7 20. Bd2 b5 21. Bc3
b4 22. Bd2 Ra7 23. f3 h6 24. Nh3 Nxh5 25. fxe4 Ng3 26. Rg1 Nxe4 27. Rxg7+ Kf6
28. Rg1 Rha8 29. Nf4 Bxf4 30. exf4 Rxa2 31. Rxa2 Rxa2 32. Bc1 Ra1 33. Kd1 b3
34. Bd3 Nf2+ 35. Ke2 Nxd3 36. Kxd3 Kf5 37. Kc3 Ra8 38. Rh1 Rh8 39. Rh4 Kg6 40.
Be3 Re8 41. Kd3 Re6 42. Rg4+ Kf6 43. Rg8 Kf7 44. Rh8 Kg6 45. Rxh6+ Kxh6 46. f5+
Kg7 47. fxe6 Kf6 48. Kc3 Kxe6 49. Kxb3 Ke5 50. Kc3 Ke4 51. Bd4 Kf5 52. Kd3 Ke6
53. Ba7 Kd6 54. Kd4 Kc7 55. Kc5 Kd7 56. Bb8 Kc8 57. Be5 Kd7 58. Kb6 Ke6 59. Bd4
Kd6 60. b4 1-0

[Event "XXVII Festival Isola d'Elba A"]
[Site "Capoliveri ITA"]
[Date "2009.05.??"]
[Round "9"]
[White "Cordara, Michele"]
[Black "Schiappoli, Dario"]
[Result "1-0"]
[WhiteElo "2093"]
[BlackElo "1959"]
[PlyCount "84"]
[EventDate "2009.05.10"]

1. Nf3 Nf6 2. c4 d6 3. g3 b6 4. Bg2 Bb7 5. O-O c5 6. Nc3 Qd7 7. d3 e6 8. Rb1
Nc6 9. a3 Be7 10. b4 O-O 11. Qa4 Rfd8 12. Bh3 Nd4 13. Nxd4 Qxa4 14. Nxa4 cxd4
15. Bd2 Rac8 16. Rfc1 Bc6 17. b5 Ba8 18. Bb4 Nd7 19. Bg2 Bxg2 20. Kxg2 Nc5 21.
Nxc5 dxc5 22. Bd2 e5 23. a4 f5 24. a5 Re8 25. axb6 axb6 26. Ra1 Bd6 27. Ra7 Bb8
28. Rb7 e4 29. Kf1 f4 30. gxf4 Rf8 31. Ra1 e3 32. fxe3 dxe3 33. Bxe3 g5 34.
Rxb6 gxf4 35. Bf2 f3 36. e4 Bxh2 37. Ra7 Rfd8 38. Rbb7 Rxd3 39. Rg7+ Kf8 40.
Rxh7 Be5 41. Bxc5+ Ke8 42. Rhe7+ Kd8 1-0

[Event "XXVII Festival Isola d'Elba A"]
[Site "Capoliveri ITA"]
[Date "2009.05.??"]
[Round "9"]
[White "Evangelisti, Claudio R."]
[Black "Paleologu, Vladimir"]
[Result "1/2-1/2"]
[WhiteElo "2260"]
[BlackElo "2191"]
[PlyCount "25"]
[EventDate "2009.05.10"]

1. c4 d6 2. d4 e5 3. Nc3 exd4 4. Qxd4 Nc6 5. Qd2 Nf6 6. Nf3 Be6 7. Nd5 Bxd5 8.
cxd5 Ne5 9. e4 Be7 10. Nxe5 dxe5 11. Bb5+ Nd7 12. O-O O-O 13. Qe2 1/2-1/2

[Event "XXVII Festival Isola d'Elba A"]
[Site "Capoliveri ITA"]
[Date "2009.05.??"]
[Round "9"]
[White "Facchetti, Gianni"]
[Black "Paolinelli, Giacomo"]
[Result "1/2-1/2"]
[WhiteElo "2174"]
[BlackElo "2171"]
[PlyCount "142"]
[EventDate "2009.05.10"]

1. e4 e5 2. Nf3 Nc6 3. Bc4 Nf6 4. Nc3 Bb4 5. O-O O-O 6. Nd5 Nxd5 7. Bxd5 d6 8.
c3 Ba5 9. h3 Ne7 10. Bb3 Ng6 11. d4 h6 12. dxe5 dxe5 13. Qxd8 Rxd8 14. Be3 Bb6
15. Bxb6 axb6 16. Rfd1 Be6 17. Bxe6 fxe6 18. a3 Kf7 19. g3 Kf6 20. Kf1 Nh8 21.
Ke2 Nf7 22. Rxd8 Rxd8 23. Rd1 Nd6 24. Nd2 b5 25. f3 g5 26. Nf1 h5 27. Ne3 Ke7
28. b3 Ra8 29. Ra1 c5 30. c4 Kf6 31. a4 b4 32. Rd1 Ke7 33. Rh1 Nf7 34. h4 Rg8
35. hxg5 Rxg5 36. Kf2 Nd6 37. Ng2 b6 38. Ne1 Ne8 39. Nd3 Nf6 40. a5 bxa5 41.
Ra1 h4 42. gxh4 Rh5 43. Kg3 Rh8 44. Rxa5 Nh5+ 45. Kf2 Rd8 46. Ke3 Ng3 47. Rxc5
Nf1+ 48. Ke2 Ng3+ 49. Kf2 Nxe4+ 50. fxe4 Rxd3 51. Rxe5 Rxb3 52. Rb5 Rh3 53.
Rxb4 Rxh4 54. Ke3 Rh1 55. e5 Kd7 56. Rb6 Re1+ 57. Kd4 Rd1+ 58. Kc5 Re1 59. Rb7+
Kc8 60. Kc6 Rxe5 61. Rh7 Kb8 62. c5 Re1 63. Rh8+ Ka7 64. Kc7 e5 65. c6 e4 66.
Rh2 Ka6 67. Kc8 Rg1 68. c7 Rg8+ 69. Kd7 Rg7+ 70. Kd6 Rg6+ 71. Ke5 Rc6 1/2-1/2

[Event "XXVII Festival Isola d'Elba A"]
[Site "Capoliveri ITA"]
[Date "2009.05.??"]
[Round "9"]
[White "Guerrini, Donato"]
[Black "Pepino, Enrico"]
[Result "0-1"]
[WhiteElo "2032"]
[BlackElo "2148"]
[PlyCount "86"]
[EventDate "2009.05.10"]

1. Nf3 g6 2. g3 Bg7 3. Bg2 c5 4. O-O Nc6 5. d3 Nf6 6. c4 O-O 7. Nbd2 d5 8. a3
Bg4 9. h3 Bxf3 10. Bxf3 Qd7 11. Bg2 Rad8 12. cxd5 Nxd5 13. Nf3 h6 14. Qc2 b6
15. Bd2 e5 16. Rfc1 Nd4 17. Nxd4 exd4 18. Qc4 Rfe8 19. Qxd5 Qxd5 20. Bxd5 Rxd5
21. Re1 Rd6 22. Rac1 Rc6 23. b4 Rec8 24. b5 Re6 25. Rc4 a6 26. a4 axb5 27. axb5
Ra8 28. Rc2 Re7 29. Kf1 Rea7 30. Rb1 f5 31. h4 h5 32. Bf4 Kf7 33. Kg2 Ke6 34.
Kf3 Be5 35. Bd2 Ra4 36. e3 Ra3 37. Ke2 Kd5 38. exd4 Bxd4 39. Be3 Ra2 40. Rbc1
R8a5 41. Rxa2 Rxa2+ 42. Kf3 Rb2 43. Kf4 Bf6 0-1

[Event "XXVII Festival Isola d'Elba A"]
[Site "Capoliveri ITA"]
[Date "2009.05.??"]
[Round "9"]
[White "Mazzetta, Renato"]
[Black "Acunzo, Domenico"]
[Result "1/2-1/2"]
[WhiteElo "1907"]
[BlackElo "1830"]
[PlyCount "25"]
[EventDate "2009.05.10"]

1. e4 e6 2. d3 d5 3. Nd2 c5 4. g3 g6 5. Bg2 Bg7 6. Nh3 Ne7 7. O-O Nbc6 8. f4 f5
9. e5 a5 10. Nf3 O-O 11. Nf2 b6 12. h4 Ra7 13. b3 1/2-1/2